000 00614nam a2200241 a 4500
001 nice12345678
003 IN_TiNIC
005 20260116012250.0
008 050524s1896 newa grp 000 0 eng
020 _a
_c100
082 0 0 _a253.2
_bNEW
100 _aNewbolt, W C E
245 _aSpeculum Sacredotum Or the Divine Model of the Priestly Life
260 _aNew York
_bLongman
_c1896
300 _a321p
500 _aincludes index and biblioraphy
505 2 _aBibliography, Indices
650 _aPastoral Theology
700 1 _aNewbolt, W C E
902 _bSRS
942 _cBK
999 _c6308
_d6308